00879cam a22002537a 4500003000500000005001700005008004100022010001000063011001000073035001000083040000900093100003800102245011900140260007500259300001000334410004800344490003200392650002600424650002500450650003900475700003100514810004800545830003200593CHAP20220329142335.0000817d2000 mx r 00110 spa d a82006 a82978 a93486 cCHAP00aRodríguez Betancourt, Rómulo.13aEl manejo de los recursos hídricos en Venezuelac/por Rómulo Rodríguez Betancourt y Julio González Aguirre aMéxico, D. F. :bInstituto Internacional del Manejo del Agua,c2000. a40 p. aInstituto Internacional del Manejo del Agua 0aSerie latinoamericanav; 1814aAguaxAbastecimiento.14aAguaxUtilización.14aRecursos hidráulicosxVenezuela.0 aGonzález Aguirre, Julio.00aInstituto Internacional del Manejo del Agua00aSerie latinoamericanav; 18